LA PARTICIPACIÓN DIFERENCIADA DE HOMBRES Y MUJERES DE CUATRO ORGANIZACIONES RURALES DE LOS MUNICIPIOS DE LANQUÍN, CAHABÓN Y FRAY BARTOLOMÉ DE LAS CASAS, ALTA VERAPAZ/. (Registro nro. 2740)
[ vista simple ]
| 000 -LEADER | |
|---|---|
| campo de control de longitud fija | 02121nam a22003257a 4500 |
| 001 - NÚMERO DE CONTROL | |
| campo de control | TTS 0014 |
| 003 - IDENTIFICADOR DE NÚMERO DE CONTROL | |
| campo de control | gtcocun |
| 005 - FECHA Y HORA DE LA ÚLTIMA TRANSACCIÓN | |
| campo de control | 20260323193648.0 |
| 006 - CÓDIGOS DE INFORMACIÓN DE LONGITUD FIJA--CARACTERÍSTICAS DEL MATERIAL ADICIONAL | |
| campo de control de longitud fija | a||||gr|||| 00| 0 |
| 007 - CAMPO FIJO DE DESCRIPCIÓN FÍSICA--INFORMACIÓN GENERAL | |
| campo de control de longitud fija | ta |
| 008 - DATOS DE LONGITUD FIJA--INFORMACIÓN GENERAL | |
| campo de control de longitud fija | 260323b2005 gt ||||| m||| 00| 0 eng d |
| 040 ## - FUENTE DE CATALOGACIÓN | |
| Centro catalogador/agencia de origen | gtcocun |
| Lengua de catalogación | SPA |
| Centro/agencia transcriptor | gtcocun |
| Normas de descripción | RDA |
| 041 ## - CÓDIGO DE IDIOMA | |
| Código de lengua del texto/banda sonora o título independiente | SPA TTS 0014 |
| 084 ## - OTRO NÚMERO DE CLASIFICACIÓN | |
| Número de control del registro de autoridad o número normalizado | TTS 0014 |
| 100 ## - ENTRADA PRINCIPAL--NOMBRE DE PERSONA | |
| Nombre de persona | Mollinedo Caceros, Neida Eugenia |
| Término indicativo de función/relación | Autor |
| 245 ## - MENCIÓN DEL TÍTULO | |
| Título | LA PARTICIPACIÓN DIFERENCIADA DE HOMBRES Y MUJERES DE CUATRO ORGANIZACIONES RURALES DE LOS MUNICIPIOS DE LANQUÍN, CAHABÓN Y FRAY BARTOLOMÉ DE LAS CASAS, ALTA VERAPAZ/. |
| Mención de responsabilidad, etc. | Neida Eugenia Mollinedo Caceros. |
| Medio | Impreso |
| 264 ## - PRODUCCIÓN, PUBLICACIÓN, DISTRIBUCIÓN, FABRICACIÓN Y COPYRIGHT | |
| Producción, publicación, distribución, fabricación y copyright | Cobán, Alta Verapaz: |
| Nombre del de productor, editor, distribuidor, fabricante | Universidad de San Carlos de Guatemala, Centro Universitario del Norte, Carrera de Trabajo Social |
| Fecha de producción, publicación, distribución, fabricación o copyright | 2005 |
| 300 ## - DESCRIPCIÓN FÍSICA | |
| Extensión | 94 p.: |
| Otras características físicas | Ilustraciones, gráficas. |
| Dimensiones | 28 cm; |
| 300 ## - DESCRIPCIÓN FÍSICA | |
| Dimensiones | |
| 336 ## - TIPO DE CONTENIDO | |
| Fuente | rdacontenido |
| Término de tipo de contenido | Texto |
| Código de tipo de contenido | txt |
| 337 ## - TIPO DE MEDIO | |
| Fuente | rdamedio |
| Nombre/término del tipo de medio | Computadora |
| Código del tipo de medio | n |
| 338 ## - TIPO DE SOPORTE | |
| Fuente | rdasoporte |
| Nombre/término del tipo de soporte | Código en línea |
| Código del tipo de soporte | cr |
| 502 ## - NOTA DE TESIS | |
| Nota de tesis | Tesis de grado |
| Tipo de título | Carrera de Trabajo Social, |
| Nombre de la institución que otorga el título | Universidad de San Carlos de Guatemala, Centro Universitario del Norte, Carrera de Trabajo Social |
| Año de obtención del título | 2005 |
| Identificador de la tesis | TTS 0014 |
| identificador de la tesis | TTS 0014 |
| 520 14 - RESUMEN, ETC. | |
| Sumario, etc. | Esta investigación implicó desarrollar los procesos metodológicos siguientes; Definición del problema de Investigación, selección del método de conocimiento, el trabajo de campo, el análisis de la información, la utilización de estadística descriptiva (para datos nominales) la prueba de Chi Cuadrada, para relación de variables y/o datos no paramétricos y la aplicación de guías de entrevistas y observación para recabar la información necesaria. |
| 650 ## - PUNTO DE ACCESO ADICIONAL DE MATERIA--TÉRMINO DE MATERIA | |
| Fuente del encabezamiento o término | LEMB |
| Término de materia o nombre geográfico como elemento de entrada | Lanquín, Cahabón y Fray Bartolomé de Las Casas, Alta Verapaz |
| Subdivisión general | Trabajo Social |
| -- | Procesos metodológicos |
| -- | Trabajo de campo |
| -- | Estadística descriptiva |
| -- | Entrevistas |
| -- | Observación |
| -- | Investigación |
| 700 ## - ENTRADA AGREGADA--NOMBRE PERSONAL | |
| Nombre de persona | Lic. Juan Aníbal Rojas |
| Término indicativo de función/relación | Asesor |
| 856 ## - LOCALIZACIÓN Y ACCESO ELECTRÓNICOS | |
| Identificador Uniforme de Recurso | <a href="https://drive.google.com/file/d/1gFDcwsnvUVEViNWng1h5PKCeKZt2Chz3/view">https://drive.google.com/file/d/1gFDcwsnvUVEViNWng1h5PKCeKZt2Chz3/view</a> |
| Texto de enlace | |
| Nota pública | Un ejemplar en línea. |
| 942 ## - ELEMENTOS DE ENTRADA SECUNDARIOS (KOHA) | |
| Fuente de la clasificación o esquema de estantería | Clasificación Decimal Dewey |
| Tipo de ítem Koha | TESIS |
| Parte de la signatura que identifica el ejemplar (Parte del ítem) | TTS 0014 |
| Prefijo de la signatura | Clasificación |
| Suprimir en OPAC | No |
| -- | TTS_0014_000000000000000 |
| Estatus retirado | Estado de pérdida | Fuente de la clasificación o esquema de estantería | Estado de daño | No para préstamo | Colección | Biblioteca de origen | Biblioteca actual | Ubicación en estantería | Fecha de adquisición | Número de inventario | Total de préstamos | Signatura topográfica completa | Código de barras | Visto por última vez | Precio de reemplazo | Tipo de ítem Koha |
|---|---|---|---|---|---|---|---|---|---|---|---|---|---|---|---|---|
| Clasificación Decimal Dewey | tesis | BIBLIOTECA- CUNOR -JOSÉ LUIS GONZALES ROSALES | BIBLIOTECA- CUNOR -JOSÉ LUIS GONZALES ROSALES | Colección tesis | 23/03/2026 | TTS 0014 | TTS 0014 | TTS 0014 | 23/03/2026 | 23/03/2026 | TESIS |